[Event "2015 Standard Chess Dropout Tournament, Round 2"]
[Site "SchemingMind.com"]
[Date "2015.03.16"]
[Round "2"]
[White "Holty"]
[Black "Marco_M"]
[Result "0-1"]
[WhiteCountry "ENG"]
[BlackCountry "ITA"]
[WhiteElo "1739"]
[WhiteRD "64"]
[BlackElo "2162"]
[BlackRD "115"]
[GameID "376597"]

1. d4 Nf6 2. Nf3 b6 3. c4 e6 4. g3 Bb7 5. Bg2 Be7 6. Nc3 Ne4 7. Bd2 Bf6 8. O-O O-O 9. Rc1 c5 10. d5 exd5
11. cxd5 Nxd2 12. Qxd2 d6 13. Rfe1 Re8 14. e4 Nd7 15. b3 Ba6 16. a3 Rc8 17. Kh1 b5 18. Bf1 Qb6 19. Rb1 Bxc3 20. Qxc3 b4
21. axb4 cxb4 22. Qd4 Bxf1 23. Qxb6 Nxb6 24. Rxf1 Rxe4 25. Rfe1 Rxe1+ 26. Rxe1 Nxd5 27. Nd4 Kf8 28. Nb5 Re8 29. Ra1 Re2 30. Kg1 Rb2
31. Rxa7 Rxb3 32. Rd7 Nb6 33. Rxd6 Nc4 34. Rd4 Rb1+ 35. Kg2 Rc1 36. Nd6 Nxd6 37. Rxd6 b3 38. Rb6 Rc3 39. Kf1 Ke7 40. Ke1 Kd7
41. Kd2 Rc2+ 42. Ke3 b2 43. h4 Kc7 44. Rb3 Kc6 45. f4 Kc5 46. Kd3 Rg2 47. g4 Rg3+
0-1

[Event "2015 Standard Chess Dropout Tournament, Round 2"]
[Site "SchemingMind.com"]
[Date "2015.03.16"]
[Round "2"]
[White "Jari Laine"]
[Black "dadshane2000"]
[Result "1-0"]
[WhiteCountry "FIN"]
[BlackCountry "USA"]
[WhiteElo "2382"]
[WhiteRD "81"]
[BlackElo "1946"]
[BlackRD "91"]
[GameID "376598"]

1. e4 c5 2. Nf3 d6 3. d4 cxd4 4. Nxd4 Nf6 5. Nc3 a6 6. Be3 e6 7. Qd2 b5 8. f3 Nbd7 9. g4 h6 10. O-O-O b4
11. Nce2 d5 12. exd5 Nxd5 13. Nf4 Bb7 14. Ndxe6 Qa5 15. Nxf8 Qxa2 16. Qd4 Qa1+ 17. Kd2 Qa5 18. Nxd7 Kxd7 19. Bc4 b3+ 20. Ke2
1-0

[Event "2015 Standard Chess Dropout Tournament, Round 2"]
[Site "SchemingMind.com"]
[Date "2015.03.13"]
[Round "2"]
[White "JimM"]
[Black "simon_w"]
[Result "0-1"]
[WhiteCountry "USA"]
[BlackCountry "IRL"]
[WhiteElo "1773"]
[WhiteRD "80"]
[BlackElo "1884"]
[BlackRD "93"]
[GameID "376599"]

1. e4 c5 2. Nf3 d6 3. d4 cxd4 4. Nxd4 Nf6 5. Nc3 a6 6. Bg5 e6 7. Qd2 Be7 8. O-O-O Nc6 9. Bxf6 gxf6 10. f4 e5
11. Nf5 Bxf5 12. exf5 Nd4 13. Bd3 Qa5 14. g3 Rc8 15. Be4 b5 16. Bd5 b4 17. Bb3 bxc3 18. bxc3 Rxc3 19. Qg2 Nxb3+ 20. axb3 O-O
21. Rd3 Rxd3 22. cxd3 Rc8+ 23. Kb2 d5
0-1

[Event "2015 Standard Chess Dropout Tournament, Round 2"]
[Site "SchemingMind.com"]
[Date "2015.03.12"]
[Round "2"]
[White "JMD"]
[Black "edg"]
[Result "0-1"]
[WhiteCountry "GBR"]
[BlackCountry "USA"]
[WhiteElo "1521"]
[WhiteRD "91"]
[BlackElo "1713"]
[BlackRD "66"]
[GameID "376600"]

1. e4 c5 2. Bc4 d6 3. Qf3 Nf6 4. d4 cxd4 5. Bg5 e6 6. Bxf6 Qxf6 7. Qxf6 gxf6 8. Nf3 e5 9. Bd5 Nc6 10. a3 h6
11. Nh4 Ne7 12. c4 dxc3 13. Nxc3 a6 14. Nf5 Bxf5 15. exf5 Nxf5 16. Bxb7 Ra7 17. Bc6+ Ke7 18. Rd1 Nd4 19. Be4 f5 20. Bb1 Kf6
21. f4 Kg6 22. h3 h5 23. h4 a5 24. O-O Rb7 25. Rf2 Be7 26. g3 Rd8 27. Ba2 Rdb8 28. Rb1 Bd8 29. Kg2 Rc7 30. Rd2 f6
31. Rd3 Rb6 32. b4 axb4 33. Rxb4 Rbc6 34. Nd5 Rc2+ 35. Kh3 Ne2 36. Rb1 e4 37. Nxc7 exd3 38. Bb3 Rxc7 39. Rd1 Rc3 40. Be6 Ba5
41. Bxf5+ Kxf5 42. g4+ hxg4+ 43. Kg2 Rxa3 44. h5 Nxf4+
0-1

[Event "2015 Standard Chess Dropout Tournament, Round 2"]
[Site "SchemingMind.com"]
[Date "2015.03.14"]
[Round "2"]
[White "Joe P"]
[Black "paradox"]
[Result "1-0"]
[WhiteCountry "AUS"]
[BlackCountry "GER"]
[WhiteElo "1820"]
[WhiteRD "95"]
[BlackElo "2069"]
[BlackRD "173"]
[GameID "376601"]

1. d4 Nf6 2. c4 g6 3. Nc3 Bg7 4. e4 d6 5. Nf3 O-O 6. Be2 e5 7. O-O Nc6 8. d5 Ne7 9. Bg5 Nh5 10. Ne1 Nf4
11. Nd3 Nxe2+ 12. Qxe2 h6 13. Bd2 f5 14. f4 exf4 15. Nxf4 g5 16. Nh5 Bd4+ 17. Be3 Bxe3+ 18. Qxe3 f4 19. Qd4 Rf7 20. h3 Ng6
21. Rf2 g4 22. Raf1 Qg5 23. Nxf4 g3 24. Rf3 Nxf4 25. Qe3 Bxh3 26. gxh3 Raf8 27. Rxg3 Nxh3+ 28. Kg2 Rxf1 29. Kxh3 R8f3 30. Qxf3 Rxf3
31. Rxf3 Kh7 32. b3 h5 33. Rg3 Qc1 34. Kh4
1-0

[Event "2015 Standard Chess Dropout Tournament, Round 2"]
[Site "SchemingMind.com"]
[Date "2015.03.11"]
[Round "2"]
[White "John Elburg"]
[Black "Lambik"]
[Result "1-0"]
[WhiteCountry "NED"]
[BlackCountry "BEL"]
[WhiteElo "2540"]
[WhiteRD "110"]
[BlackElo "2306"]
[BlackRD "95"]
[GameID "376602"]

1. e4 c5 2. Nf3 d6 3. d4 cxd4 4. Nxd4 Nf6 5. Nc3 a6 6. Bg5 e6 7. f4 Qb6 8. Qd2 Qxb2 9. Rb1 Qa3 10. e5 dxe5
11. fxe5 Nfd7 12. Ne4 h6 13. Bh4 Qxa2 14. Rd1 Qd5 15. Qe3 Qxe5 16. Be2 Bc5 17. Bg3 Bxd4 18. Rxd4 Qa5+ 19. Rd2 O-O 20. Bd6 f5
21. Bxf8 Nxf8 22. Nd6 Nbd7 23. g4 Qc5 24. Qxc5 Nxc5 25. gxf5 exf5 26. Rd5 b6 27. Nxc8 Rxc8 28. Rxf5 Re8 29. Kd2 Re4 30. Bf3 Rh4
31. Bd5+ Kh7 32. Rxf8 Rd4+ 33. Kc1 Rxd5 34. Rg1 Ne6 35. Rf7 Ra5 36. Rg3 Rc5 37. Kb2 a5 38. Ra7 Rd5 39. Re7 Rd6 40. h4 h5
41. Rf3 Kg6 42. Rb7 Kh6 43. Rd3 Rxd3 44. cxd3 Kg6 45. Kc3 Kf5 46. Rf7+ Ke5 47. Rd7 Kf5 48. Rd5+ Kg4 49. d4 Kxh4 50. Re5 Nf8
51. d5 a4 52. Re7
1-0

[Event "2015 Standard Chess Dropout Tournament, Round 2"]
[Site "SchemingMind.com"]
[Date "2015.03.15"]
[Round "2"]
[White "John Galvin"]
[Black "guyhayton"]
[Result "1-0"]
[WhiteCountry "USA"]
[BlackCountry "ENG"]
[WhiteElo "2339"]
[WhiteRD "80"]
[BlackElo "1876"]
[BlackRD "104"]
[GameID "376603"]

1. e4 e5 2. Nf3 Nf6 3. Nxe5 d6 4. Nf3 Nxe4 5. d4 d5 6. Bd3 Nc6 7. O-O Be7 8. Re1 O-O 9. Bxe4 dxe4 10. Rxe4 Bf5
11. Re1 Re8 12. c3 Bd6 13. Be3 Qd7 14. Nbd2 Bd3 15. b3 b5 16. a4 a6 17. Nf1 Bg6 18. Nh4 Ne7 19. axb5
1-0

[Event "2015 Standard Chess Dropout Tournament, Round 2"]
[Site "SchemingMind.com"]
[Date "2015.03.11"]
[Round "2"]
[White "Archon"]
[Black "JimM"]
[Result "0-1"]
[WhiteCountry "CAN"]
[BlackCountry "USA"]
[WhiteElo "1766"]
[WhiteRD "75"]
[BlackElo "1773"]
[BlackRD "80"]
[GameID "376605"]

1. a3 d5 2. g3 c5 3. Bg2 Nf6 4. d3 g6 5. b3 Bg7 6. Bb2 O-O 7. Nf3 Nc6 8. Nbd2 Qc7 9. O-O e6 10. e4 d4
11. Nh4 a6 12. f4 Ne7 13. Nhf3 Rb8 14. a4 b5 15. axb5 axb5 16. Ra2 Nc6 17. Ba3 Ra8 18. Qa1 b4 19. Bc1 Bb7 20. Nc4 Rxa2
21. Qxa2 Ra8 22. Qb1 Na7 23. Bd2 Nb5 24. Qc1 Nc3 25. Bxc3 bxc3 26. Nce5 Nd7 27. Nxd7 Qxd7 28. e5 Bd5 29. Qd1 Ra2 30. Ne1 Qb7
31. Bxd5 Qxd5 32. Qf3 Qd7 33. Qe4 Qa7 34. Qc6 Qe7 35. Qc8+ Bf8 36. Qb8 Ra7 37. Qb6 Rd7 38. Nf3 Ra7 39. Qc6 Ra2 40. Rc1 Qa7
41. Ne1 Ra1 42. Qf3 Rxc1
0-1

[Event "2015 Standard Chess Dropout Tournament, Round 2"]
[Site "SchemingMind.com"]
[Date "2015.03.16"]
[Round "2"]
[White "Faloan"]
[Black "Evans9EN"]
[Result "1-0"]
[WhiteCountry "GER"]
[BlackCountry "WLS"]
[WhiteElo "1934"]
[WhiteRD "156"]
[BlackElo "1967"]
[BlackRD "91"]
[GameID "376607"]

1. e4 c5 2. Nf3 d6 3. d4 cxd4 4. Nxd4 Nf6 5. Nc3 a6 6. Bg5 e6 7. f4 Qb6 8. Qd2 Qxb2 9. Rb1 Qa3 10. e5 dxe5
11. fxe5 Nfd7 12. Ne4 h6 13. Bh4 Qxa2 14. Rd1 Qd5 15. Qe3 Qxe5 16. Be2 Bc5 17. Bg3 Bxd4 18. Rxd4 Qa5+ 19. Rd2 O-O 20. Bd6 Rd8
21. g4 Nc6 22. g5 hxg5 23. Rg1 f6 24. h4 Nde5 25. c3 Ng6 26. hxg5 f5 27. Nf6+ gxf6 28. gxf6 Qa1+ 29. Kf2 f4 30. Qh3
1-0

[Event "2015 Standard Chess Dropout Tournament, Round 2"]
[Site "SchemingMind.com"]
[Date "2015.03.16"]
[Round "2"]
[White "Lanaroon"]
[Black "Brian Pott"]
[Result "0-1"]
[WhiteCountry "ENG"]
[BlackCountry "AUS"]
[WhiteElo "1475"]
[WhiteRD "107"]
[BlackElo "2288"]
[BlackRD "77"]
[GameID "376608"]

1. e4 e5 2. Nf3 Nc6 3. d4 exd4 4. Nxd4 Bc5 5. Be3 Qf6 6. c3 Nge7 7. Nd2 O-O 8. N2f3 Nxd4 9. Nxd4 d5 10. Qf3 Qe5
11. O-O-O dxe4 12. Qf4 Qxf4 13. Bxf4 c6 14. Re1 Nd5 15. g3 Nxf4 16. gxf4 Bxd4 17. cxd4 Be6 18. a4 Rfd8 19. d5 Rxd5 20. Bc4 Rc5
21. b3 b5 22. axb5 cxb5 23. Rxe4 bxc4 24. bxc4 Bd5
0-1

[Event "2015 Standard Chess Dropout Tournament, Round 2"]
[Site "SchemingMind.com"]
[Date "2015.03.16"]
[Round "2"]
[White "An old friend"]
[Black "Brian_Jones"]
[Result "0-1"]
[WhiteCountry "ENG"]
[BlackCountry "AUS"]
[WhiteElo "2047"]
[WhiteRD "125"]
[BlackElo "2369"]
[BlackRD "123"]
[GameID "376609"]

1. d4 Nf6 2. Nf3 d5 3. e3 e6 4. Bd3 c5 5. b3 Nc6 6. O-O b6 7. Bb2 Bb7 8. a3 Be7 9. Nbd2 O-O 10. Ne5 cxd4
11. exd4 Nxe5 12. dxe5 Nd7 13. b4 a5 14. Qg4 g6 15. Nf3 Qb8 16. h4 d4 17. Bxd4 axb4 18. Qg3 Bxf3 19. gxf3 bxa3 20. h5 Nc5
21. Bxc5 Bxc5 22. hxg6 fxg6 23. Bxg6 Ra7 24. Bxh7+ Kxh7 25. Kg2 Rg7
0-1

[Event "2015 Standard Chess Dropout Tournament, Round 2"]
[Site "SchemingMind.com"]
[Date "2015.03.14"]
[Round "2"]
[White "kazaki"]
[Black "Sully7"]
[Result "1-0"]
[WhiteCountry "POL"]
[BlackCountry "IRL"]
[WhiteElo "1907"]
[WhiteRD "97"]
[BlackElo "1876"]
[BlackRD "81"]
[GameID "376610"]

1. d4 d5 2. c4 Nf6 3. cxd5 Qxd5 4. Nc3 Qh5 5. Nf3 Bg4 6. Qb3 b6 7. Nb5 Nd5 8. Qxd5 Qxd5 9. Nxc7+ Kd7 10. Nxd5 e6
11. Ne5+ Kd6 12. Nxb6 axb6 13. Nxg4 h5 14. Ne5 Nc6 15. Nxc6 Kxc6 16. e3 Bb4+ 17. Bd2 Bxd2+ 18. Kxd2 Rhd8 19. Bd3 e5 20. Be4+
1-0

[Event "2015 Standard Chess Dropout Tournament, Round 2"]
[Site "SchemingMind.com"]
[Date "2015.03.11"]
[Round "2"]
[White "kenneth m day"]
[Black "frankly"]
[Result "0-1"]
[WhiteCountry "USA"]
[BlackCountry "ENG"]
[WhiteElo "1792"]
[WhiteRD "50"]
[BlackElo "2421"]
[BlackRD "63"]
[GameID "376611"]

1. e4 c5 2. d4 cxd4 3. c3 e5 4. Nf3 Nc6 5. Bc4 Nf6 6. Qe2 Be7 7. O-O d6 8. cxd4 exd4 9. Rd1 Bg4 10. Bg5 O-O
11. Nbd2 Nh5 12. Bxe7 Qxe7 13. Bd5 Ne5 14. h3 Bxf3 15. Nxf3 Nf4 16. Qb5 Nxf3+ 17. gxf3 Qg5+ 18. Kf1 Qg2+ 19. Ke1 d3 20. Kd2 Qxf2+
21. Kc3 a6 22. Qxb7 Qc2+
0-1

[Event "2015 Standard Chess Dropout Tournament, Round 2"]
[Site "SchemingMind.com"]
[Date "2015.03.12"]
[Round "2"]
[White "kibic"]
[Black "knightrider"]
[Result "1-0"]
[WhiteCountry "INT"]
[BlackCountry "USA"]
[WhiteElo "2436"]
[WhiteRD "71"]
[BlackElo "1447"]
[BlackRD "72"]
[GameID "376612"]

1. d4 d5 2. Nf3 Nf6 3. e3 c6 4. c4 e6 5. Nc3 c5 6. cxd5 Nxd5 7. Nb1 Be7 8. dxc5 Bxc5 9. a3 Nd7 10. Be2 N7f6
11. O-O O-O 12. b4 Bb6 13. Bb2 Ne7 14. Nbd2 Ng6 15. Rc1 a5 16. b5 Bc7 17. Qc2 h6 18. Qxc7 Qxc7 19. Rxc7 Nd5 20. Rc2 b6
21. g3 Bd7 22. e4 Nde7 23. a4 Kh7 24. Rc7 Rad8 25. Nc4 Rc8 26. Rxd7
1-0

[Event "2015 Standard Chess Dropout Tournament, Round 2"]
[Site "SchemingMind.com"]
[Date "2015.03.11"]
[Round "2"]
[White "Kid A"]
[Black "Clive Everill"]
[Result "1-0"]
[WhiteCountry "FIN"]
[BlackCountry "CZE"]
[WhiteElo "1930"]
[WhiteRD "74"]
[BlackElo "1688"]
[BlackRD "60"]
[GameID "376613"]

1. e4 e6 2. d4 d5 3. e5 c5 4. c3 Qb6 5. Nf3 Nc6 6. Bd3 cxd4 7. cxd4 Bd7 8. O-O Nxd4 9. Nxd4 Qxd4 10. Nc3 a6
11. Qe2 Qb6 12. Qg4 Ne7 13. Kh1 Ng6 14. f4 Be7 15. a3 h5 16. Qg3 Bh4 17. Qh3 Bc6 18. Bxg6 fxg6 19. Qxh4 Rf8 20. Qg5 Kf7
21. f5 exf5 22. e6+ Kxe6 23. Qxg6+ Kd7 24. Nxd5 Qd4 25. Be3 Qxb2 26. Nb6+ Kc7 27. Bf4+ Kxb6 28. Rab1 Qxb1 29. Rxb1+ Ka5 30. Bd2+ Ka4
31. Qe6
1-0

[Event "2015 Standard Chess Dropout Tournament, Round 2"]
[Site "SchemingMind.com"]
[Date "2015.03.16"]
[Round "2"]
[White "knightrider"]
[Black "Adrian Grajczak"]
[Result "0-1"]
[WhiteCountry "USA"]
[BlackCountry "POL"]
[WhiteElo "1500"]
[WhiteRD "72"]
[BlackElo "2219"]
[BlackRD "79"]
[GameID "376614"]

1. e4 c5 2. Nf3 Nc6 3. d4 cxd4 4. Nxd4 Nf6 5. Nc3 e6 6. f4 Qb6 7. Ndb5 d5 8. Na4 Qa5+ 9. c3 a6 10. b4 Nxb4
11. cxb4 Bxb4+ 12. Bd2 axb5 13. Nc5 Bxd2+ 14. Qxd2 Qxd2+ 15. Kxd2 Nxe4+ 16. Nxe4 dxe4 17. Bxb5+ Bd7 18. a4 Bxb5 19. axb5 O-O-O+ 20. Ke3 f5
21. Ke2 Kc7 22. Rhc1+ Kb6 23. Rab1 Rd5 24. Rc2 Ra8 25. Kf1 h6 26. h4 g5 27. hxg5 hxg5
0-1

[Event "2015 Standard Chess Dropout Tournament, Round 2"]
[Site "SchemingMind.com"]
[Date "2015.03.13"]
[Round "2"]
[White "Lambik"]
[Black "John Galvin"]
[Result "1-0"]
[WhiteCountry "BEL"]
[BlackCountry "USA"]
[WhiteElo "2306"]
[WhiteRD "95"]
[BlackElo "2339"]
[BlackRD "80"]
[GameID "376615"]

1. e4 c5 2. Nf3 d6 3. d4 cxd4 4. Nxd4 Nf6 5. Nc3 a6 6. Bg5 e6 7. f4 Qb6 8. Qd2 Qxb2 9. Rb1 Qa3 10. e5 dxe5
11. fxe5 Nfd7 12. Ne4 h6 13. Bh4 Qxa2 14. Rd1 Qd5 15. Qe3 Qxe5 16. Be2 Bc5 17. Bg3 Bxd4 18. Rxd4 Qa5+ 19. Rd2 O-O 20. Bd6 Re8
21. O-O Nc6 22. Qg3 Qb6+ 23. Kh1 f5 24. Qg6 Qd8 25. Rd3 Re7 26. Rg3 Nd4 27. Bd3 f4 28. Bxf4
1-0

[Event "2015 Standard Chess Dropout Tournament, Round 2"]
[Site "SchemingMind.com"]
[Date "2015.03.12"]
[Round "2"]
[White "lemme howdt"]
[Black "Selwyn"]
[Result "0-1"]
[WhiteCountry "USA"]
[BlackCountry "AUS"]
[WhiteElo "1508"]
[WhiteRD "77"]
[BlackElo "2454"]
[BlackRD "80"]
[GameID "376616"]

1. e4 c5 2. Nf3 Nc6 3. Bb5 g6 4. c3 Bg7 5. O-O Nf6 6. Re1 O-O 7. d3 d6 8. Bg5 h6 9. Bxf6 Bxf6 10. Qd2 Bg7
11. h3 Bd7 12. d4 Nxd4 13. Nxd4 cxd4 14. Bxd7 dxc3 15. Nxc3 Qxd7 16. Rac1 Rfd8 17. Nd5 Rac8 18. Rcd1 e6 19. Ne3 h5 20. Qb4 Rc6
21. Re2 Rb6 22. Qa3 Qc6 23. f3 Rc8 24. Rc2 Qd7 25. Nc4 Rbc6 26. Qd3 Qc7 27. b3 b5 28. Rcd2 bxc4 29. bxc4 Bh6 30. Re2 Rxc4
31. Qxd6 Rc1 32. Qd3 Rd8 33. Qxd8+ Qxd8 34. Rxc1 Bxc1
0-1

[Event "2015 Standard Chess Dropout Tournament, Round 2"]
[Site "SchemingMind.com"]
[Date "2015.03.11"]
[Round "2"]
[White "Simon Green"]
[Black "Don71"]
[Result "0-1"]
[WhiteCountry "ENG"]
[BlackCountry "NIR"]
[WhiteElo "1583"]
[WhiteRD "53"]
[BlackElo "2321"]
[BlackRD "92"]
[GameID "376617"]

1. d4 Nf6 2. e3 d5 3. Bd3 Nc6 4. f4 Nb4 5. Nf3 Nxd3+ 6. cxd3 c6 7. O-O Bg4 8. Nbd2 e6 9. Qe1 Bh5 10. Ne5 Bb4
11. Qh4 O-O 12. a3 Bd6 13. Ndf3 Bxf3 14. Rxf3 Qa5 15. Qf2 Qb6 16. h3 a5 17. f5 c5 18. dxc5 Qxc5 19. Ng4 Nxg4 20. hxg4 Rac8
21. Qd2 Qc2 22. Qxc2 Rxc2 23. e4 Rfc8 24. b3 Rxc1+ 25. Rxc1 Rxc1+ 26. Kf2 d4 27. b4 a4 28. Ke2 Bxb4 29. axb4 a3 30. Kd2 Rg1
0-1

[Event "2015 Standard Chess Dropout Tournament, Round 2"]
[Site "SchemingMind.com"]
[Date "2015.03.16"]
[Round "2"]
[White "Mekk"]
[Black "lawyertheologian"]
[Result "1-0"]
[WhiteCountry "POL"]
[BlackCountry "USA"]
[WhiteElo "1780"]
[WhiteRD "100"]
[BlackElo "1956"]
[BlackRD "86"]
[GameID "376618"]

1. c4 f5 2. g3 g6 3. Bg2 Bg7 4. Nf3 d6 5. O-O Nf6 6. Nc3 O-O 7. d4 Nc6 8. a3 e5 9. dxe5 dxe5 10. Bg5 Be6
11. b3 e4 12. Ne1 h6 13. Bxf6 Qxf6 14. Rc1 Rad8 15. Qc2 Qxc3 16. Qxc3 Bxc3 17. Rxc3 Rd2 18. e3 Ra2 19. Nc2 Rd8 20. Nb4 Ne5
21. Nxa2
1-0

[Event "2015 Standard Chess Dropout Tournament, Round 2"]
[Site "SchemingMind.com"]
[Date "2015.03.16"]
[Round "2"]
[White "Marco_M"]
[Black "Wojciech  Langer"]
[Result "1-0"]
[WhiteCountry "ITA"]
[BlackCountry "INT"]
[WhiteElo "2201"]
[WhiteRD "117"]
[BlackElo "1710"]
[BlackRD "98"]
[GameID "376619"]

1. e4 g6 2. d4 Bg7 3. c3 d6 4. Nf3 Nf6 5. Bd3 O-O 6. O-O Nc6 7. Nbd2 Re8 8. Nc4 b5 9. Ne3 a6 10. a4 Bb7
11. axb5 axb5 12. Rxa8 Qxa8 13. Bxb5 Nxe4 14. d5 Nc5 15. Bxc6 Bxc6 16. dxc6 Qxc6 17. Qd5 Qd7 18. Rd1 e6 19. Qxc5
1-0

[Event "2015 Standard Chess Dropout Tournament, Round 2"]
[Site "SchemingMind.com"]
[Date "2015.03.11"]
[Round "2"]
[White "maro"]
[Black "MichaelG"]
[Result "0-1"]
[WhiteCountry "MEX"]
[BlackCountry "GER"]
[WhiteElo "1474"]
[WhiteRD "88"]
[BlackElo "1846"]
[BlackRD "88"]
[GameID "376620"]

1. e4 e5 2. Nf3 Nc6 3. Bc4 Nf6 4. Nc3 Nxe4 5. Nxe4 d5 6. Bb5 dxe4 7. Nxe5 Qg5 8. d4 Qxg2 9. Rf1 a6 10. Nxc6 axb5
11. Ne5 Bh3 12. Qe2 Qxf1+ 13. Qxf1 Bxf1 14. Kxf1 Bd6 15. Bf4 f6 16. Nd3 exd3 17. Re1+ Kd7
0-1

[Event "2015 Standard Chess Dropout Tournament, Round 2"]
[Site "SchemingMind.com"]
[Date "2015.03.11"]
[Round "2"]
[White "MichaelG"]
[Black "2curious"]
[Result "0-1"]
[WhiteCountry "GER"]
[BlackCountry "USA"]
[WhiteElo "1840"]
[WhiteRD "82"]
[BlackElo "2066"]
[BlackRD "135"]
[GameID "376623"]

1. d4 Nf6 2. Nf3 g6 3. c4 Bg7 4. Nc3 d5 5. cxd5 Nxd5 6. Qa4+ Nc6 7. e3 O-O 8. Nxd5 Qxd5 9. Bd2 Bg4 10. Be2 e5
11. Bc3 exd4 12. Bxd4 Nxd4 13. Nxd4 Qxg2 14. Rf1 Rad8 15. O-O-O Rxd4 16. exd4 Bxe2
0-1

[Event "2015 Standard Chess Dropout Tournament, Round 2"]
[Site "SchemingMind.com"]
[Date "2015.03.16"]
[Round "2"]
[White "michel"]
[Black "An old friend"]
[Result "1-0"]
[WhiteCountry "CAN"]
[BlackCountry "ENG"]
[WhiteElo "2355"]
[WhiteRD "59"]
[BlackElo "2040"]
[BlackRD "126"]
[GameID "376624"]

1. c4 b6 2. Nc3 c5 3. e4 Bb7 4. Nge2 e6 5. g3 d6 6. Bg2 a6 7. O-O Qc7 8. d4 cxd4 9. Nxd4 Nf6 10. b3 Be7
11. Bb2 O-O 12. Qd2 Nbd7 13. Rad1 Rac8 14. Rfe1 Qb8 15. f4 Rfe8 16. Qe2 Bf8 17. e5 Bxg2 18. Kxg2
1-0

[Event "2015 Standard Chess Dropout Tournament, Round 2"]
[Site "SchemingMind.com"]
[Date "2015.03.11"]
[Round "2"]
[White "NYNH"]
[Black "palberto63"]
[Result "0-1"]
[WhiteCountry "USA"]
[BlackCountry "CUB"]
[WhiteElo "2003"]
[WhiteRD "82"]
[BlackElo "2334"]
[BlackRD "76"]
[GameID "376625"]

1. d4 Nf6 2. c4 e6 3. g3 d5 4. Nf3 Bb4+ 5. Bd2 Be7 6. Bg2 c6 7. O-O O-O 8. Qc2 b6 9. Rd1 Nbd7 10. Bf4 Bb7
11. Nc3 dxc4 12. Nd2 Nd5 13. Nxc4 Nxf4 14. gxf4 Qc7 15. e3 Rfd8 16. Rac1 Rac8 17. a3 a5 18. f5 e5 19. Qe4 Bf6 20. d5 cxd5
21. Nxd5 Nc5 22. Nxc7 Nxe4 23. Rxd8+ Bxd8 24. Nb5 Rc5 25. a4 Bh4 26. f3 Nd2 27. Nba3 Bd5 28. b3 Nxf3+ 29. Kh1 e4 30. Rd1 g6
31. fxg6 hxg6 32. Nxb6 Bxb3 33. Rb1 Nd2 34. Ra1 Rc3 35. Nb5 Rxe3 36. Nd7 Bxa4 37. Rxa4 Re1+ 38. Bf1 Rxf1+ 39. Kg2 Rf2+ 40. Kh3 Nf3
41. Rxe4 Ng5+
0-1

[Event "2015 Standard Chess Dropout Tournament, Round 2"]
[Site "SchemingMind.com"]
[Date "2015.03.16"]
[Round "2"]
[White "Pancserka"]
[Black "wilfried"]
[Result "0-1"]
[WhiteCountry "HUN"]
[BlackCountry "GER"]
[WhiteElo "2045"]
[WhiteRD "113"]
[BlackElo "2485"]
[BlackRD "101"]
[GameID "376626"]

1. d4 d5 2. Nf3 Nf6 3. c4 c6 4. Nc3 dxc4 5. a4 Bf5 6. e3 e6 7. Bxc4 Bb4 8. O-O O-O 9. Nh4 Bg4 10. f3 Bh5
11. Qb3 a5 12. g4 Nd5 13. Ng2 Bg6 14. e4 Nb6 15. Be2 f6 16. Be3 Bf7 17. e5 fxe5 18. dxe5 N8d7 19. Rad1 Nd5 20. Nxd5 exd5
21. f4 g5 22. Bd4 gxf4 23. Nxf4 Qe7 24. Qe3 Rae8
0-1

[Event "2015 Standard Chess Dropout Tournament, Round 2"]
[Site "SchemingMind.com"]
[Date "2015.03.15"]
[Round "2"]
[White "lawyertheologian"]
[Black "kenneth m day"]
[Result "1-0"]
[WhiteCountry "USA"]
[BlackCountry "USA"]
[WhiteElo "1956"]
[WhiteRD "86"]
[BlackElo "1792"]
[BlackRD "50"]
[GameID "376627"]

1. e4 e5 2. Nc3 Nc6 3. Nf3 Nf6 4. Bb5 Bc5 5. O-O O-O 6. Nxe5 Re8 7. Nf3 Nxe4 8. d4 Nxc3 9. bxc3 Bb6 10. Ng5 h6
11. Nxf7 Kxf7 12. Qh5+ Kg8 13. Bxh6 Qf6 14. Qxe8+ Kh7 15. Bd3+ Kxh6 16. Qh8+ Kg5 17. f4+
1-0

[Event "2015 Standard Chess Dropout Tournament, Round 2"]
[Site "SchemingMind.com"]
[Date "2015.03.14"]
[Round "2"]
[White "peeuukoo"]
[Black "pnwmusichound"]
[Result "0-1"]
[WhiteCountry "FIN"]
[BlackCountry "USA"]
[WhiteElo "1855"]
[WhiteRD "95"]
[BlackElo "1852"]
[BlackRD "97"]
[GameID "376628"]

1. d4 Nf6 2. c4 g6 3. Nc3 Bg7 4. e4 d6 5. Nf3 O-O 6. Be2 e5 7. d5 Nbd7 8. O-O Nc5 9. Bg5 h6 10. Be3 Ncxe4
11. Qc1 Nxc3 12. bxc3 Kh7 13. h3 Bf5 14. Nh4 Bc8 15. Nf3 c5 16. Nd2 Bf5 17. f4 exf4 18. Bxf4 b5 19. Bf3 bxc4 20. Nxc4 Bd3
21. Nxd6 Bxf1 22. Qxf1 Qd7 23. Rb1 Qa4 24. Qc4 Qxc4 25. Nxc4 Rfe8 26. d6 Rab8 27. Rb7 Rxb7 28. Bxb7 Rd8 29. Na5 g5 30. Be5 Re8
31. Nc4 Nd7 32. Bxg7 Kxg7 33. Bc6 Rd8 34. Kf2 Nb6 35. Nxb6 Rxd6 36. Bd5 axb6 37. c4 b5 38. Ke3 f5 39. Ke2 Kf6 40. Ke3 Ke5
41. Bf7 bxc4 42. Bxc4 f4+ 43. Ke2 Ke4 44. a4 Rd4 45. Bb5 c4 46. a5 c3 47. a6 Rd2+ 48. Ke1 Ke3
0-1

[Event "2015 Standard Chess Dropout Tournament, Round 2"]
[Site "SchemingMind.com"]
[Date "2015.03.12"]
[Round "2"]
[White "pmdpsp"]
[Black "Diadoco"]
[Result "0-1"]
[WhiteCountry "GER"]
[BlackCountry "MEX"]
[WhiteElo "1744"]
[WhiteRD "81"]
[BlackElo "1976"]
[BlackRD "95"]
[GameID "376630"]

1. c4 Nf6 2. Nc3 g6 3. b3 Bg7 4. Bb2 O-O 5. d4 d5 6. e3 Bf5 7. Bd3 Bxd3 8. Qxd3 c6 9. Nf3 Nbd7 10. O-O Re8
11. Rac1 e5 12. dxe5 dxc4 13. Qxc4 Nxe5 14. Nxe5 Rxe5 15. Rcd1 Qe8 16. Ba1 Re7 17. Rd2 Rd8 18. Rfd1 Rxd2 19. Rxd2 Rd7 20. Qe2 Qd8
21. Rxd7 Qxd7 22. Bb2 b6 23. f3 h5 24. Qd1 Qxd1+ 25. Nxd1 Nd5 26. Bxg7 Kxg7 27. Kf2 Kf6 28. e4 Nb4 29. Nc3 Ke6 30. Ke3 c5
31. h3 Nc2+ 32. Kf4 f6 33. h4 Nd4 34. g4 Kd6 35. Kg3 b5 36. gxh5 gxh5 37. Nd5 c4 38. bxc4 bxc4 39. Kf2 Ke5 40. Ke3 Nf5+
41. Kd2 Nxh4 42. f4+ Ke6 43. Ne3 Nf3+ 44. Kc3 h4 45. Kxc4 h3 46. Nf1 Nd2+ 47. Kd3 Nxf1
0-1

[Event "2015 Standard Chess Dropout Tournament, Round 2"]
[Site "SchemingMind.com"]
[Date "2015.03.15"]
[Round "2"]
[White "Sully7"]
[Black "Timaeus"]
[Result "1-0"]
[WhiteCountry "IRL"]
[BlackCountry "JPN"]
[WhiteElo "1770"]
[WhiteRD "76"]
[BlackElo "1390"]
[BlackRD "91"]
[GameID "376635"]

1. e4 e5 2. Nf3 d6 3. Bb5+ Bd7 4. Bxd7+ Qxd7 5. O-O g6 6. d4 exd4 7. Qxd4 f6 8. Bg5 Bg7 9. Nc3 f5 10. Qa4 Bxc3
11. Qxd7+ Nxd7 12. bxc3 Ngf6 13. e5 dxe5 14. Nxe5 O-O 15. Nxd7 Nxd7 16. Rab1 b6 17. Bf4 c5 18. Rbd1 Nf6 19. Bg5 Ne4 20. Be7 Rfe8
21. f3 Nxc3 22. Rd7 Nxa2 23. Rfd1 Nc3 24. R1d3 Ne2+ 25. Kf2 Nd4 26. c3 Nc6 27. Re3 Nxe7 28. Rdxe7 a5 29. Rxe8+ Rxe8 30. Rxe8+ Kf7
31. Rb8 Ke6 32. Rxb6+ Kd7 33. Rb5 Kc6 34. Rxa5 Kb6 35. Ra8 Kb5 36. Ke2 Kc4 37. Kd2
1-0